00656nam a22001817a 450000500170000001000150001702000260003203500140005803700130007208200080008510000150009324501160010826000420022427001410026630000310040750000190043870000170045720190716112435.0 aENG-125938 a9789353434243c549.00 aEN-109470 bDBAD/PUB a515 aSaff, S.B. aFundamentals of complex analysis with applications to engineering and science / :cby E.B.Saff [and] A.D.Snider aNoida bPearson India Educationc2019 a15th Floor, Tower-B, World Trade Tower, Plot No.I, Block-C, Sector 16bNoida, Uttar Pradesh e201301mcompanysecretary.india@pearson.com avarious paging.c23cm(pbk) aIncludes index aSnider, A.D.